Industrial Furnaces /

Guardat en:
Dades bibliogràfiques
Autor principal: Trinks, W. (autor)
Format: Llibre
Idioma:espanyol
Publicat: Nueva York, EUA : Wiley, 1944
Matèries:
Etiquetes: Afegir etiqueta
Sense etiquetes, Sigues el primer a etiquetar aquest registre!

MARC

LEADER 00000nam^a2200000^a^4500
001 000009602
005 20250521000000.0
009 20260310083632.27
037 |a Acervo ITESO - Biblioteca 
041 |a ESP 
082 |a 669. 8  |b TRI 
100 |a Trinks, W.  |e (autor) 
240 1 1 |a [Hornos industriales] 
245 1 0 |a Industrial Furnaces /  |c W. Trinks. 
264 1 |a Nueva York, EUA :  |b Wiley,  |c 1944 
300 |a 2 v. 
336 |a texto  |b txt  |2 rdacontenido 
337 |a sin mediación  |b n  |2 rdamedio 
338 |a volumen  |b nc  |2 rdasoporte 
649 |a XX 
650 |a Altos Hornos -  |x Tema Principal 
650 |a Hornos 
650 |a Industria Siderúrgica y Metalúrgica 
650 |a Ingeniería Térmica 
910 |a Fondo General 
920 |a Impresos - Libros 
930 |a Colección General 
905 |a 101 
901 |a 0096020201  |b IT1  |c ACC  |i 901744  |u 20250521 
901 |a 0096020202  |b IT1  |c ACC  |i 901746  |u 20250521 
902 |a https://opac.biblio.iteso.mx/vufind/Record/000009602